ბათუმის შოთა რუსთაველის სახელმწიფო უნივერსიტეტის ბიბლიოთეკა

The Japanese Economy / (ბიბ.ჩანაწერი № 64022)

000 -LEADER
fixed length control field 00625nam a2200205 4500
003 - CONTROL NUMBER IDENTIFIER
control field Ge_BSU
005 - DATE AND TIME OF LATEST TRANSACTION
control field 20260310162627.0
008 - FIXED-LENGTH DATA ELEMENTS--GENERAL INFORMATION
fixed length control field 260310s2020 enk||||| |||| 00| 0 eng d
020 ## - INTERNATIONAL STANDARD BOOK NUMBER
International Standard Book Number 9780262538244x
041 ## - LANGUAGE CODE
Language code of text/sound track or separate title eng
080 ## - UNIVERSAL DECIMAL CLASSIFICATION NUMBER
Universal Decimal Classification number 330(520) I-87
100 ## - MAIN ENTRY--PERSONAL NAME
Personal name Ito, Takatoshi
9 (RLIN) 27105
245 ## - TITLE STATEMENT
Title The Japanese Economy /
Statement of responsibility, etc. Takatoshi Ito, Takeo Hoshi.
250 ## - EDITION STATEMENT
Edition statement 2nd Edition
264 ## - PRODUCTION, PUBLICATION, DISTRIBUTION, MANUFACTURE, AND COPYRIGHT NOTICE
Place of production, publication, distribution, manufacture London :
Name of producer, publisher, distributor, manufacturer The MIT Press,
Date of production, publication, distribution, manufacture, or copyright notice 2020.
300 ## - PHYSICAL DESCRIPTION
Extent 585 p.;
Other physical details 24 cm.
653 ## - INDEX TERM--UNCONTROLLED
keyword იაპონიის ეკონომიკა
700 ## - ADDED ENTRY--PERSONAL NAME
Personal name Hoshi, Takeo
Relator term მთარგმნელი
9 (RLIN) 27106
942 ## - ADDED ENTRY ELEMENTS (KOHA)
Source of classification or shelving scheme
Koha item type წიგნი
ეგზემპლარები
Withdrawn status Lost status Source of classification or shelving scheme Damaged status Not for loan Permanent Location Current Location Shelving location Date acquired Cost, normal purchase price Full call number Barcode Date last seen Copy number Uniform Resource Identifier Price effective from Koha item type Public note
          ბათუმის შოთა რუსთაველის სახელმწიფო უნივერსიტეტის მთავარი ბიბლიოთეკა ბათუმის შოთა რუსთაველის სახელმწიფო უნივერსიტეტის მთავარი ბიბლიოთეკა წიგნსაცავი 2026-03-10 15.00 330(520) I-87 73862 2026-03-10 73862 იაპონიის ელჩის საჩუქარი 2026-03-10 წიგნი 15 ლ.